000 00509nam a2200133Ia 4500
008 171207s9999 xx 000 0 und d
100 _aMak, Barry
245 _aEffects of experiential learning on students: an ecotourism service-learning course
245 _cBarry Mak, Chloe Lau & Alan Wong
260 _c2017
300 _apages 85-100, April-June 2017
440 _aTeaching in Travel & Tourism
_v17:2
650 _aExperiential learning, service-learning, reflection, civic responsibility, ecotourism
999 _c347472
_d347472